00421nam a2200121Ia 4500008004100000024006800041082001600109100007700125245001200202260002500214600002700239650003300266250506s9999 xx 000 0 und d a10B-144-EE, 10B-146-EE, 10B-149-EE, 10B-150-EE & 10B-162-EE a628.072 NEE aNeel Kumar, Zaid Bin Ashraf, Sajid Nawaz, Noureen Fatima & Talha Farooqi 0aECO Cab aKarachi:bUIT,c2010 aElectronic Engineering aBachelor of Engineering (BE)